| 000 | 00589nam a2200193 i 4500 | ||
|---|---|---|---|
| 001 | 141753 | ||
| 003 | ES-MaACL | ||
| 005 | 20230906200347.0 | ||
| 007 | t| | ||
| 008 | 070927s1958 sp ||||1| spa d | ||
| 080 | _a094(46) | ||
| 100 | 1 |
_aVindel, Francisco. _9115321 |
|
| 245 | 1 | 3 |
_aEl misterioso sino de algunas joyas bibliográficas españolas (con 6 facsímiles) / _cFrancisco Vindel. |
| 260 |
_aMadrid : _b[s.n.], _c1958. |
||
| 300 |
_a37 p. ; _c18 cm. |
||
| 650 | 1 | 4 |
_aLibros raros- _xComercio- _zEspaña. _914452 |
| 650 | 4 |
_aBibliografía. _910516 |
|
| 852 |
_aES-MaACL _j2008-F-5 |
||
| 999 |
_c141753 _d141753 |
||